000 00454nam a2200157 a 4500
001 000039600
005 20201002033636.0
008 130709s1998 dr a 000 0 spa d
040 _aDO-SdBNP
_bspa
_cBNPHU
082 _axxx
100 1 _aReyes Javier, Carlos
_953338
245 1 0 _aCristo fuente de vida /
_cCarlos Reyes Javier.
250 _a2a ed. ampliada y revisada
260 _aSanto Domingo :
_bImpresos Rivera,
_c1998.
300 _a87 p. ;
_c24 cm.
999 _c39090
_d39090